مكتبة جامعة عجلون الوطنية

فهرس بحث المكتبة

Normal view MARC view
  • اصول الفقه

Entry Topical Term

Number of records used in: 1

001 - CONTROL NUMBER

  • control field: 43500

003 - CONTROL NUMBER IDENTIFIER

  • control field: JO-AjAnu

005 - DATE AND TIME OF LATEST TRANSACTION

  • control field: 20230606081217.0

008 - FIXED-LENGTH DATA ELEMENTS

  • fixed length control field: 230606|| aca||aabn | a|a d

040 ## - CATALOGING SOURCE

  • Original cataloging agency: JO-AjAnu
  • Transcribing agency: JO-AjAnu

150 ## - HEADING--TOPICAL TERM

  • Topical term or geographic name entry element: اصول الفقه

670 ## - SOURCE DATA FOUND

  • Source citation: Work cat.: (JO-AjAnu)22273: جامعة الامام محمد بن سعود الاسلامية, author 43499, وجوب تطبيق الشريعة الإسلامية والشبهات التي تثار حول تطبيقها : من البحوث المقدمة لمؤتمر الفقه الإسلامي الذي عقدته الجامعة بالرياض سنة 1396